000 00601nam a2200241Ia 4500
003 OSt
005 20220912151914.0
006 a|||||r|||| 00| 0
007 ta
008 220909b |||||||| |||| 00| 0 eng d
024 _a65160
037 _cTextual
040 _aCSL
_beng
_cCSL
041 _aeng
082 _aC6:142y8, K8;5-;6
100 _aMeyers Ronald R
245 0 _aPractical semiconductors experimentation
260 _c1968
300 _ap.
_ccm.
650 _aElectricity
942 _hC6:142y8, K8;5-;6
_cTEXL
_2CC
999 _c76995
_d76995